01068nam a2200253 a 450000100060000000300080000600500170001400800410003103500190007204000450009104100080013608200270014410000240017124501170019525000210031226000580033330000170039150001860040850000740059450400470066850500220071565000330073770000440077059530BD-RjUL20211209080737.0161226r19681898enk o| 001 0 eng d a(BD-RjUL)59654 aOCLCEbengcOCLCEdOCLCQdOCLCAdBD-RjUL aeng04a340.0941223bPOH 19681 aPollock, Frederick,14aThe history of English law before the time of Edward I /cBy Sir Frederick Pollock and Frederic William Maitland a2nd ed. reissued aCambridge,bUniversity Press,c1898 [Reprinted 1968]. aV. ;c23 cm. a"Portions of the book have appeared, in the same words or in substance, in the Contemporary review, the English historical review and the Harvard law review."--Pref. to 1st edition. a"The first chapter, by Prof. Maitland, is new."--Pref. to 2d edition. a"List of texts used": v. 1, p. [xix]-xxii. aVol. 1 -- V. 2 -- 0aLawzGreat BritainxHistory.1 aMaitland, Frederic William,d1850-1906.